<?xml version="1.0" encoding="UTF-8"?>
<collection xmlns="http://www.loc.gov/MARC21/slim">
<record>
  <controlfield tag="001">2931</controlfield>
  <controlfield tag="005">20160919144821.0</controlfield>
  <datafield tag="037" ind1=" " ind2=" ">
    <subfield code="a">OUTRART-2016-0006</subfield>
  </datafield>
  <datafield tag="100" ind1=" " ind2=" ">
    <subfield code="a">Verbeeck, K?</subfield>
  </datafield>
  <datafield tag="245" ind1=" " ind2=" ">
    <subfield code="a">Kan de aarde écht beven in Antwerpen?</subfield>
  </datafield>
  <datafield tag="260" ind1=" " ind2=" ">
    <subfield code="c">2016</subfield>
  </datafield>
  <datafield tag="520" ind1=" " ind2=" ">
    <subfield code="a">Lichte paniek vorige zondagavond in AntwerpenZuid. Tientallen bewoners lieten via Facebook en Twitter weten een aardbeving te hebben gevoeld. Pas later werden ze gerustgesteld: het ging niet om een aardbeving. De grond trilde door een reeks ‘gecontroleerde explosies’ die de oude kaaimuren aan de Schelde moesten neerhalen. “Toch is ook een aardbeving in Antwerpen nooit uit te sluiten”, beweert Koen Verbeeck, als seismoloog verbonden aan de Koninklijke Sterrenwacht van België.</subfield>
  </datafield>
  <datafield tag="594" ind1=" " ind2=" ">
    <subfield code="a">NO</subfield>
  </datafield>
  <datafield tag="773" ind1=" " ind2=" ">
    <subfield code="p">Gazet van Antwerpen</subfield>
    <subfield code="v">05/03/2016</subfield>
    <subfield code="y">2016</subfield>
  </datafield>
  <datafield tag="856" ind1="0" ind2=" ">
    <subfield code="f">michel.vancamp@observatoire.be</subfield>
  </datafield>
  <datafield tag="980" ind1=" " ind2=" ">
    <subfield code="a">OUTRART</subfield>
  </datafield>
</record>
</collection>